Spell the Marvel Character #352 - Statistics

General Stats
  • This quiz has been taken 11 times
  • The average score is 6 of 7
Answer Stats
Picture Answer % Correct
Iron Man
100%
Emma Frost
82%
Gamora
82%
Gwenpool
82%
Excalibur
73%
Geiger
73%
Reptil
64%
No matching quizzes found
Score Distribution
Percent of People with Each Score
Percentile by Number Answered
Your Score History
You have not taken this quiz